000 00308nam a22001217a 4500
020 _a9788183484602
082 _a371.271 ARI/20
100 _aArihant Expert Team
245 _a20 Practice sets SBI Clerical Grade Recruitment Exam
260 _anew Delhi
_bArihant Publications
300 _a328
942 _cBK
999 _c13840
_d13840